Приближенное аналитическое и машинное решения уравнения движения вращающегося ветроприемника анемометра в гармоническом пульсирующем потоке; Труды НИИ гидрометеорологии приборостроения; Вып. 20

Detaylı Bibliyografya
Parent link:Труды НИИ гидрометеорологии приборостроения
Вып. 20.— 1968.— С. 15-20
Yazar: Суражский Д. Я.
Diğer Yazarlar: Харитонов В. П.
Dil:Rusça
Baskı/Yayın Bilgisi: 1968
Konular:
Materyal Türü: Kitap Bölümü
KOHA link:https://koha.lib.tpu.ru/cgi-bin/koha/opac-detail.pl?biblionumber=594632

MARC

LEADER 00000naa0a2200000 4500
001 594632
005 20250211164417.0
035 |a (RuTPU)RU\TPU\tpu\11362 
090 |a 594632 
100 |a 20030905d1968 k||y0rusy50 ca 
101 0 |a rus 
102 |a RU 
200 1 |a Приближенное аналитическое и машинное решения уравнения движения вращающегося ветроприемника анемометра в гармоническом пульсирующем потоке  |f Д. Я. Суражский, В. П. Харитонов 
320 |a Библиогр.: 6 назв. 
461 |t Труды НИИ гидрометеорологии приборостроения 
463 |t Вып. 20  |v С. 15-20  |d 1968 
610 1 |a пульсирующие потоки 
610 1 |a ветроприемники 
610 1 |a труды учёных ТПУ 
700 1 |a Суражский  |b Д. Я. 
701 1 |a Харитонов  |b В. П. 
801 1 |a RU  |b 63413507  |c 20030905  |g PSBO 
801 2 |a RU  |b 63413507  |c 20100312  |g RCR 
942 |c CR